| 000 | 01113cam a2200325 i 4500 | ||
|---|---|---|---|
| 999 |
_c200443616 _d61828 |
||
| 001 | 200443616 | ||
| 003 | TR-AnTOB | ||
| 005 | 20230809001352.0 | ||
| 007 | ta | ||
| 008 | 980427s1966 tu a b l000 0 tur d | ||
| 035 | _a(TR-AnTOB)200443616 | ||
| 040 |
_aHLS _beng _erda _cHLS _dOCLCQ _dBGZ _dTR-AnTOB |
||
| 041 | 0 | _atur | |
| 050 | 1 | 4 |
_aHC492 _b.K55 1966 |
| 090 |
_aTOBBK HC492 _b.K55 1966 |
||
| 100 | 1 |
_aKılıçbay, Ahmet _eauthor _915213 |
|
| 245 | 1 | 0 |
_aTürk plan modeli ve metedolojisi / _cAhmet Kılıçbay. |
| 264 | 1 |
_aİstanbul : _bİstanbul Üniversitesi, _c1966. |
|
| 300 |
_axvi, 302 pages : _billustrations ; _c24 cm |
||
| 336 |
_atext _btxt _2rdacontent |
||
| 337 |
_aunmediated _bn _2rdamedia |
||
| 338 |
_avolume _bnc _2rdacarrier |
||
| 490 | 0 |
_aİstanbul Üniversitesi yayınlarından ; _vno: 1185. _aİktisat Fakültesi ; _vno: 184 |
|
| 650 | 7 |
_aEkonomi _zTürkiye _2etuturkob _920767 |
|
| 651 | 7 |
_aTürkiye _xEkonomi politikası _2 _911070 |
|
| 651 | 7 |
_aTürkiye _xEkonomik durum _y1960- _2etuturkob _965270 |
|
| 942 |
_2z _cBK |
||